| 000 | 00491nam a22001697a 4500 | ||
|---|---|---|---|
| 003 | NUST - PNEC | ||
| 005 | 20170116180751.0 | ||
| 008 | 150311b xxu||||| |||| 00| 0 eng d | ||
| 040 | _cLIBRARY | ||
| 082 | _a510 IRF | ||
| 100 |
_91723 _aIrfan Saeedi |
||
| 245 |
_aA handbook of mathematics with new examination pattern(Including MCQ'S) _cIrfan Saeedi |
||
| 260 |
_aKarachi : _bAli Publishers, _cc2012. |
||
| 300 |
_a411 p. : _c22 cm. |
||
| 650 |
_91724 _aMathematics _xME |
||
| 942 |
_2ddc _cBK |
||
| 999 |
_c62554 _d62554 |
||